Tous les personnages de Mario & Sonic aux Jeux Olympiques de Rio 2016 - Statistiques

Statistiques générales
  • Ce quiz a été pris 214 fois
  • Le résultat moyen est 22 sur 34
Statistiques - réponses
Univers Personnage % Correct
Mario Luigi
99%
Mario Mario
99%
Mario Peach
97%
Sonic Sonic
96%
Mario Bowser
95%
Mario Daisy
93%
Sonic Tails
88%
Mario Wario
87%
Mario Yoshi
87%
Mario Donkey Kong
85%
Mario Waluigi
85%
Sonic Amy
82%
Sonic Shadow
82%
Mario Bowser Jr.
79%
Sonic Knuckles
79%
Sonic Dr. Eggman
78%
Mario Toad
74%
Sonic Metal Sonic
68%
Sonic Silver
68%
Sonic Vector
67%
Mario Diddy Kong
65%
Sonic Blaze
62%
Mario Harmonie
59%
Sonic Rouge
43%
Sonic Espio
35%
Sonic Jet
34%
Mario Wendy O.
32%
Sonic Zavok
29%
Mario Larry
28%
Sonic Zazz
28%
Mario Carottin
23%
Sonic Wave
23%
Mario Bowser Skelet
22%
Sonic Sticks
21%
Aucun quiz correspondant
Distribution des résultats
% des personnes avec chaque résultat
Percentile par nombre de réponses
Votre historique - résultats
Vous n’avez pas pris ce quiz